000 02040nam a22002537a 4500
999 _c60048
_d60048
003 Ge_BSU
005 20230601140128.0
008 230601s2008 ge ||||| |||| 00| 0 geo d
020 _a9789941021091
041 _ageo
080 _a903.6(479.22) მ-42
100 _aმაჩაბელი, კიტი
_98335
245 _aადრეული შუა საუკუნეების ქართული ქვაჯვარები = Early medieval georgian stone crosses /
_c კიტი მაჩაბელი; თარგმანი ნინო მატარაძე; რედაქტორი ნინო ჭიჭინაძე; ფოტოები: გ. ბაგრატიონი, ე. გიგილაშვილი; სქემები მ. ბელიაშვილი; საქართველოს კულტურის, ძეგლთა დაცვისა და სპორტის სამინისტრო, გ. ჩუბინაშვილის სახ. ქართული ხელოვნების ისტორიისა და ძეგლთა დაცვის კვლევის ეროვნული ცენტრი.
264 _aთბილისი:
_b(შპს "სეზანი"),
_c 2008.
300 _a136 გვ. :
_bილ., სურ. ;
_c27 სმ.
500 _a ყდა, ტექსტი ქართულ და ინგლისურ ენებზე
501 _aდამატებითი თავფურცელი ინგლისურ ენაზე.
653 _aქართული ქვაჯვარები.
700 _aმატარაძე, ნინო,
_eმთარგმნელი.
_95421
700 _aჭიჭინაძე, ნინო
_eრედაქტორი
_918390
700 _aბაგრატიონი, გ.
_eფოტო.
_918391
700 _aგიგილაშვილი, ე.
_eფოტო.
_918392
942 _2udc
_cBK